000 00578nam a2200229Ia 4500
003 OSt
005 20220912152924.0
006 a|||||r|||| 00| 0
007 ta
008 220909b |||||||| |||| 00| 0 eng d
024 _a30546
037 _cTextual
040 _aCSL
_beng
_cCSL
041 _aeng
082 _aC9B580D66:1, K4
100 _aCoombe R A Ed.
245 0 _aMagnetohydrodynamic generation of electrical power
260 _c1964
300 _ap.
_ccm.
942 _hC9B580D66:1, K4
_cTEXL
_2CC
999 _c93960
_d93960